Central Library OPAC University of Rajshahi

Crop Infesting Aphids (Homoptera : Aphididae) of Bangladesh with Special Reference to the Field Biology of some Important Species / (Record no. 83780)

MARC details
000 -LEADER
fixed length control field 00961nam a2200241 a 4500
001 - CONTROL NUMBER
RUCL Control Number 83780
003 - CONTROL NUMBER IDENTIFIER
rucl marc code BD-RjUL
005 - DATE AND TIME OF LATEST TRANSACTION
control field 20240520111401.0
008 - FIXED-LENGTH DATA ELEMENTS--GENERAL INFORMATION
fixed length control field 240520s2007 bg a|||| m||| 00| 0 eng d
035 ## - SYSTEM CONTROL NUMBER
system control number (BD-RjUL)83780
040 ## - CATALOGING SOURCE
Original cataloging agency BD-RjUL
Language of cataloging eng
Transcribing agency BD-RjUL
Modifying agency BD-RjUL
041 ## - LANGUAGE CODE
Language code of Book eng
082 ## - DEWEY DECIMAL CLASSIFICATION NUMBER
DDC Edition number 23
Classification number 595.752
Author mark and Year BIC 2007
100 ## - MAIN ENTRY--PERSONAL NAME
Personal name Biswas, Provash Chandra
9 (RLIN) 13082
245 10 - TITLE STATEMENT
Title Crop Infesting Aphids (Homoptera : Aphididae) of Bangladesh with Special Reference to the Field Biology of some Important Species /
Statement of responsibility, etc By Provash Chandra Biswas ;
Name of Supervisor/Co-Supervisor Supervisor : B. C. Das
260 ## - PUBLICATION, DISTRIBUTION, ETC. (IMPRINT)
Place of publication, distribution, etc Rajshahi :
Name of publisher, distributor, etc Institute of Biological Sciences, University of Rajshahi,
Date of publication, distribution, etc 2007
300 ## - PHYSICAL DESCRIPTION
Pagination ii, 209 Leaves :
Other physical details ill, ;
Dimensions 29 cm.
502 ## - DISSERTATION NOTE
Dissertation note Thesis (Ph. D.) -- Institute of Biological Sciences, University of Rajshahi, 2007
504 ## - BIBLIOGRAPHY, ETC. NOTE
Bibliography, etc References : Leaves [178]-209
650 ## - SUBJECT ADDED ENTRY--TOPICAL TERM
Topical term or geographic name as entry element Arthropoda
Form subdivision Homoptera
9 (RLIN) 13080
700 ## - ADDED ENTRY--SUPERVISOR/CO-SUPERVISOR NAME
Personal name Das, B. C. Supervisor
9 (RLIN) 13083
942 ## - ADDED ENTRY ELEMENTS (KOHA)
Source of classification or shelving scheme Dewey Decimal Classification
Koha item type Theses
Holdings
Source of classification or shelving scheme Damaged status Not for loan Collection code Permanent Location Current Location Shelving location Date of accession Source of acquisition Total Checkouts Full call number Barcode Date last seen Copy number Thesis
Dewey Decimal Classification   Not For Loan Theses Central Library, University of Rajshahi Central Library, University of Rajshahi Documentation Section 12/08/2009 Controller of Exam. R. U.   THE 595.752 BIC 2007 D2994 20/05/2024 C-I Theses